RAINBOW SIX DLC OPERATORS - Statistics

General Stats
  • This quiz has been taken 751 times
  • The average score is 14 of 16
Answer Stats
ability Answer % Correct
Welcome mat Frost
99%
Skeleton key Buck
98%
Crossbow Capitao
96%
black mirror Mira
95%
Silent step Caveira
94%
Footprint scanner Jackal
94%
Black eye Valkyrie
90%
Yokai Echo
87%
Grzmot mine Ela
86%
Gu mine Lesion
86%
Candela charge Ying
85%
Explosive fidget spinners Hibana
84%
KS79 LIFELINE Zofia
79%
Saran wrap Blackbeard
74%
Wall hax drone Lion
67%
Nanobots Finka
66%
No matching quizzes found
Score Distribution
Percent of People with Each Score
Percentile by Number Answered
Your Score History
You have not taken this quiz